[Event "Titled Tuesday intern op 25th Feb Early"]
[Site "Chess.com INT"]
[Date "2025.02.25"]
[Round "9"]
[White "Camlar, Arda"]
[Black "Boyer, Mahel"]
[Result "0-1"]
[WhiteElo "2443"]
[BlackElo "2509"]
[PlyCount "70"]
[EventDate "2025.02.25"]
[EventType "swiss (blitz)"]
[EventRounds "11"]
[EventCountry "USA"]
[SourceTitle "CB10_2025"]
[SourceDate "2025.03.05"]
[SourceVersion "1"]
[SourceVersionDate "2025.03.05"]
[SourceQuality "1"]

1. Nf3 g6 2. d4 Bg7 3. g3 c5 4. c3 Qa5 5. Bg2 cxd4 6. Nxd4 Nf6 7. 0-0 0-0 8. Nd2 d5 9. e4 dxe4 10. Nxe4 Nxe4 11. Bxe4 Nd7 12. Qe2 Nf6 13. Bg2 e5 14. Nb3 Qc7 15. Be3 Bg4 16. Qb5 b6 17. Bxa8 Rxa8 18. f3 Be6 19. Nd2 h5 20. Qe2 h4 21. Rfd1 Re8 22. Bf2 h3 23. Ne4 Nxe4 24. fxe4 Qc8 25. Rd2 Bg4 26. Qe1 Qc4 27. Qe3 Kh7 28. b3 Qc6 29. Qd3 Bh6 30. Qd5 Qxc3 31. Qxf7+ Bg7 32. Rad1 Rf8 33. Qc4 Qf3 34. Qf1 Qxe4 35. Re1 Qc6 0-1

[Event "Titled Tuesday intern op 25th Feb Early"]
[Site "Chess.com INT"]
[Date "2025.02.25"]
[Round "6"]
[White "Eljanov, Pavel"]
[Black "Camlar, Arda"]
[Result "0-1"]
[WhiteElo "2658"]
[BlackElo "2443"]
[PlyCount "78"]
[EventDate "2025.02.25"]
[EventType "swiss (blitz)"]
[EventRounds "11"]
[EventCountry "USA"]
[SourceTitle "CB10_2025"]
[SourceDate "2025.03.05"]
[SourceVersion "1"]
[SourceVersionDate "2025.03.05"]
[SourceQuality "1"]

1. d4 Nf6 2. Nf3 g6 3. Bf4 Bg7 4. Nbd2 0-0 5. e4 d6 6. c3 Nc6 7. h3 e5 8. dxe5 dxe5 9. Be3 Nh5 10. Qc2 h6 11. 0-0-0 Qe7 12. g3 Be6 13. Bc4 Rfd8 14. Bxe6 Qxe6 15. Qb3 Qxb3 16. axb3 Nf6 17. b4 a6 18. Ng1 Rd7 19. Ne2 Rad8 20. f3 Rd3 21. Bf2 h5 22. Kc2 Bh6 23. f4 h4 24. gxh4 Bxf4 25. Nxf4 exf4 26. Bd4 Nxb4+ 27. Kb1 Nh5 28. Nb3 Rxd1+ 29. Rxd1 Nc6 30. Rf1 a5 31. Bf2 Rd3 32. Kc2 Rf3 33. Nd2 Rxh3 34. Nc4 b5 35. Na3 Rh2 36. Kb1 Ng3 37. Bxg3 fxg3 38. Rg1 g2 39. Kc2 Ne5 0-1

[Event "Titled Tuesday intern op 25th Feb Early"]
[Site "Chess.com INT"]
[Date "2025.02.25"]
[Round "2"]
[White "Maltsevskaya, Aleksandra"]
[Black "Camlar, Arda"]
[Result "1/2-1/2"]
[WhiteElo "2371"]
[BlackElo "2443"]
[PlyCount "128"]
[EventDate "2025.02.25"]
[EventType "swiss (blitz)"]
[EventRounds "11"]
[EventCountry "USA"]
[SourceTitle "CB10_2025"]
[SourceDate "2025.03.05"]
[SourceVersion "1"]
[SourceVersionDate "2025.03.05"]
[SourceQuality "1"]

1. Nf3 Nf6 2. g3 g6 3. Bg2 Bg7 4. 0-0 0-0 5. d3 d6 6. Nbd2 e5 7. e4 a5 8. Nh4 c6 9. f4 exf4 10. gxf4 Ng4 11. Ndf3 Qb6+ 12. d4 c5 13. h3 Nf6 14. e5 dxe5 15. fxe5 Nfd7 16. Be3 cxd4 17. Bxd4 Qc7 18. e6 fxe6 19. Bxg7 Kxg7 20. Qd4+ e5 21. Qe3 Nc6 22. Ng5 Nf6 23. c3 Bd7 24. Rf2 Rae8 25. Raf1 Bc8 26. Qg3 Qe7 27. Nxh7 Nxh7 28. Nxg6 Qg5 29. Qxg5 Nxg5 30. Rxf8 Rxf8 31. Nxf8 Nxh3+ 32. Bxh3 Bxh3 33. Rf3 Bc8 34. Kf2 e4 35. Rf4 Ne5 36. Rxe4 Ng4+ 37. Kg3 Nf6 38. Rf4 Nh5+ 39. Kf3 Nxf4 40. Kxf4 Kxf8 41. Ke5 Ke7 42. Kd5 Be6+ 43. Kc5 Bxa2 44. Kb6 Kd6 45. Kxb7 Kc5 46. Ka6 a4 47. Ka5 Bb3 48. Ka6 Kc4 49. Ka5 Kd3 50. Kb4 Kc2 51. Ka3 Kd3 52. Kb4 Bc2 53. c4 Bb3 54. c5 Kc2 55. Ka3 Kd3 56. c6 Be6 57. Kxa4 Kc4 58. b4 Bd5 59. b5 Kc5 60. c7 Bb7 61. Ka5 Bc8 62. b6 Kc6 63. b7 Kxb7 64. Kb5 Kxc7 1/2-1/2

[Event "EU-ch 24th"]
[Site "Petrovac"]
[Date "2024.11.13"]
[Round "6"]
[White "Camlar, Arda"]
[Black "Gevorgyan, David"]
[Result "1/2-1/2"]
[WhiteElo "2445"]
[BlackElo "2247"]
[PlyCount "92"]
[EventDate "2024.11.08"]
[EventType "swiss"]
[EventRounds "11"]
[EventCountry "MNE"]
[SourceTitle "CB47_2024"]
[SourceDate "2024.11.20"]
[SourceVersion "1"]
[SourceVersionDate "2024.11.20"]
[SourceQuality "1"]

1. e4 e5 2. Nc3 Nc6 3. g3 Bc5 4. Bg2 a5 5. Nge2 d6 6. h3 Nge7 7. 0-0 0-0 8. Kh2 f5 9. d3 Ba7 10. f4 Kh8 11. Nd5 Nxd5 12. exd5 Ne7 13. b3 Ng6 14. Bb2 exf4 15. gxf4 Bd7 16. Ng3 Qh4 17. Qh5 Rae8 18. Qxh4 Nxh4 19. Rae1 Rxe1 20. Rxe1 Re8 21. Rxe8+ Bxe8 22. d4 Nxg2 23. Kxg2 g6 24. c4 a4 25. Nf1 axb3 26. axb3 Kg8 27. Bc3 b5 28. Kf3 bxc4 29. bxc4 Kf7 30. Ke2 h6 31. h4 Kf6 32. Kd3 g5 33. hxg5+ hxg5 34. Bd2 gxf4 35. Bxf4 Bb6 36. Nd2 Ba5 37. Nf3 Bf7 38. Bg5+ Kg6 39. Bd8 Kh5 40. Ng5 Bg6 41. Ke3 f4+ 42. Kf3 Bd3 43. c5 Bc4 44. Ne4 dxc5 45. d6 cxd6 46. Bxa5 Bd5 1/2-1/2

[Event "EU-ch 24th"]
[Site "Petrovac"]
[Date "2024.11.10"]
[Round "3"]
[White "Theodorou, Nikolas"]
[Black "Camlar, Arda"]
[Result "1-0"]
[WhiteElo "2612"]
[BlackElo "2445"]
[PlyCount "105"]
[EventDate "2024.11.08"]
[EventType "swiss"]
[EventRounds "11"]
[EventCountry "MNE"]
[SourceTitle "CB47_2024"]
[SourceDate "2024.11.20"]
[SourceVersion "1"]
[SourceVersionDate "2024.11.20"]
[SourceQuality "1"]

1. e4 e5 2. Nf3 Nf6 3. Nxe5 d6 4. Nf3 Nxe4 5. d4 d5 6. Bd3 Bd6 7. 0-0 0-0 8. c4 c6 9. cxd5 cxd5 10. Nc3 Nxc3 11. bxc3 h6 12. Re1 Nd7 13. Qb3 Nf6 14. a4 b6 15. Ba3 Be6 16. Ne5 Rc8 17. Qb2 Bxa3 18. Qxa3 Qc7 19. Rac1 Rfe8 20. h3 Nd7 21. Nf3 Nb8 22. Re3 Bd7 23. Rce1 Rxe3 24. Rxe3 Re8 25. Ne5 Nc6 26. Nxd7 Qxd7 27. Qd6 Qc8 28. Bf5 Qa8 29. Qxd5 Rxe3 30. fxe3 Qe8 31. e4 Ne7 32. Qd7 Qf8 33. Qxa7 Nxf5 34. exf5 Qa3 35. Qb8+ Kh7 36. Kh2 Qc1 37. Qc7 f6 38. Qg3 Qc2 39. Qg6+ Kh8 40. Qe8+ Kh7 41. Qe6 Qxc3 42. Qxb6 Qd2 43. Qd6 Qa5 44. Qa3 Qxf5 45. Qa1 Qa5 46. Qd1 Qd5 47. Qd2 Kg8 48. a5 Kf7 49. Qb4 Qe6 50. Qb6 Qe4 51. Qc7+ Kg6 52. a6 f5 53. a7 1-0

[Event "Titled Tuesday intern op 20th Aug Early"]
[Site "Chess.com INT"]
[Date "2024.08.20"]
[Round "6"]
[White "Camlar, Arda"]
[Black "Arslanov, Shamil"]
[Result "1-0"]
[WhiteElo "2426"]
[BlackElo "2410"]
[PlyCount "37"]
[EventDate "2024.08.20"]
[EventType "swiss (blitz)"]
[EventRounds "11"]
[EventCountry "USA"]
[SourceTitle "EXT 2025"]
[Source "ChessBase"]
[SourceDate "2024.10.14"]
[SourceVersion "1"]
[SourceVersionDate "2024.10.14"]
[SourceQuality "1"]

1. b3 e5 2. Bb2 d6 3. e3 f5 4. d4 Nd7 5. dxe5 dxe5 6. Nf3 Bd6 7. Nc3 Ngf6 8. Qd2 0-0 9. 0-0-0 a6 10. h4 Qe7 11. h5 e4 12. Bc4+ Kh8 13. Nh4 Ne5 14. Ng6+ Nxg6 15. hxg6 Be6 16. Nd5 Nxd5 17. Rxh7+ Kg8 18. Rdh1 Be5 19. Rh8# 1-0

[Event "Titled Tuesday intern op 20th Aug Early"]
[Site "Chess.com INT"]
[Date "2024.08.20"]
[Round "2"]
[White "Camlar, Arda"]
[Black "Garcia Correa, Jose Ricardo"]
[Result "1-0"]
[WhiteElo "2426"]
[BlackElo "2103"]
[PlyCount "91"]
[EventDate "2024.08.20"]
[EventType "swiss (blitz)"]
[EventRounds "11"]
[EventCountry "USA"]
[SourceTitle "EXT 2025"]
[Source "ChessBase"]
[SourceDate "2024.10.14"]
[SourceVersion "1"]
[SourceVersionDate "2024.10.14"]
[SourceQuality "1"]

1. Nf3 Nf6 2. b3 d6 3. Bb2 e5 4. e3 g6 5. d4 e4 6. Nfd2 Bg7 7. c4 0-0 8. Nc3 Re8 9. Be2 c6 10. Qc2 Qe7 11. h3 Nbd7 12. g4 h6 13. h4 Nf8 14. g5 hxg5 15. hxg5 N6h7 16. Ndxe4 Bf5 17. Bd3 Rad8 18. 0-0-0 d5 19. Nf6+ Nxf6 20. Bxf5 Nh5 21. Bg4 Qxg5 22. Bxh5 gxh5 23. Rdg1 Qh6 24. Qf5 h4 25. Rg5 dxc4 26. bxc4 Ne6 27. Rh5 Qf6 28. Qh7+ Kf8 29. Ba3+ c5 30. Rxc5 Nxc5 31. Bxc5+ Rd6 32. Qxh4 Qe6 33. Qf4 Red8 34. d5 Qe7 35. Ne4 Be5 36. Qg4 Qc7 37. Bxd6+ Rxd6 38. Nxd6 Qxd6 39. Qc8+ Ke7 40. Qxb7+ Kf6 41. Qc6 Qxc6 42. dxc6 Ke6 43. Kc2 Kd6 44. Kd3 Kxc6 45. f4 Bb2 46. Rh7 1-0

[Event "Titled Tuesday intern op 20th Aug Early"]
[Site "Chess.com INT"]
[Date "2024.08.20"]
[Round "5"]
[White "Camlar, Arda"]
[Black "Grbac, Boris"]
[Result "1-0"]
[WhiteElo "2426"]
[BlackElo "2004"]
[PlyCount "69"]
[EventDate "2024.08.20"]
[EventType "swiss (blitz)"]
[EventRounds "11"]
[EventCountry "USA"]
[SourceTitle "EXT 2025"]
[Source "ChessBase"]
[SourceDate "2024.10.14"]
[SourceVersion "1"]
[SourceVersionDate "2024.10.14"]
[SourceQuality "1"]

1. b3 e5 2. Bb2 d6 3. e3 Nc6 4. Nf3 a6 5. Be2 Nf6 6. d4 e4 7. Nfd2 d5 8. c4 Bf5 9. Nc3 Ne7 10. g4 Bg6 11. g5 Nd7 12. cxd5 Nb6 13. d6 cxd6 14. Ndxe4 Ned5 15. h4 Qe7 16. Bf3 Nf4 17. exf4 d5 18. 0-0 dxe4 19. Nxe4 0-0-0 20. Ng3 Nd5 21. f5 Qd6 22. Bxd5 Qxd5 23. Qg4 h5 24. gxh6 Qd7 25. Bc1 gxh6 26. Bf4 Bd6 27. Bxd6 Qxd6 28. fxg6+ Kb8 29. g7 Rhg8 30. Nf5 Qf6 31. Rae1 Rd5 32. Re5 Rxe5 33. dxe5 Qe6 34. Rd1 Qxe5 35. Qg3 1-0

[Event "Kavala op-A 33rd"]
[Site "Kavala"]
[Date "2024.08.03"]
[Round "7"]
[White "Krallis, Christos"]
[Black "Camlar, Arda"]
[Result "0-1"]
[WhiteElo "2360"]
[BlackElo "2405"]
[PlyCount "92"]
[EventDate "2024.07.29"]
[EventType "swiss"]
[EventRounds "9"]
[EventCountry "GRE"]
[SourceTitle "EXT 2025"]
[Source "ChessBase"]
[SourceDate "2024.10.14"]
[SourceVersion "1"]
[SourceVersionDate "2024.10.14"]
[SourceQuality "1"]

1. e4 b6 2. d4 Bb7 3. Nc3 e6 4. Bd3 Nf6 5. Nge2 d5 6. exd5 exd5 7. 0-0 Be7 8. Ng3 0-0 9. Nf5 Re8 10. Qf3 Bf8 11. Bg5 Nbd7 12. Qg3 g6 13. Rae1 c6 14. Qh4 Rxe1 15. Rxe1 gxf5 16. Bxf5 h6 17. Bxh6 Bxh6 18. Qxh6 Qf8 19. Qg5+ Qg7 20. Qf4 Nf8 21. Qc7 Re8 22. Rxe8 Nxe8 23. Qxb7 Nd6 24. Qxc6 Nxf5 25. Qxd5 Qg5 26. h4 Qc1+ 27. Kh2 Qf4+ 28. Kg1 Nxd4 29. g3 Qg4 30. Ne4 Qd1+ 31. Kg2 Qf3+ 32. Kh2 Nxc2 33. Qe5 Ng6 34. Nf6+ Kh8 35. Qg5 Qxf2+ 36. Kh3 Qf1+ 37. Kh2 Qe2+ 38. Kh3 Qe3 39. Qf5 Nd4 40. Qc8+ Kg7 41. Nh5+ Kh6 42. Qc3 Qxc3 43. bxc3 Kxh5 44. g4+ Kh6 45. cxd4 Nf4+ 46. Kh2 b5 0-1

[Event "Kavala op-A 33rd"]
[Site "Kavala"]
[Date "2024.07.29"]
[Round "1"]
[White "Ismail, Tamer"]
[Black "Camlar, Arda"]
[Result "0-1"]
[WhiteElo "2140"]
[BlackElo "2405"]
[PlyCount "114"]
[EventDate "2024.07.29"]
[EventType "swiss"]
[EventRounds "9"]
[EventCountry "GRE"]
[SourceTitle "EXT 2025"]
[Source "ChessBase"]
[SourceDate "2024.10.14"]
[SourceVersion "1"]
[SourceVersionDate "2024.10.14"]
[SourceQuality "1"]

1. e4 c5 2. Nf3 e6 3. d4 cxd4 4. Nxd4 Nf6 5. Nc3 Nc6 6. Ndb5 Bc5 7. Nd6+ Ke7 8. Bf4 e5 9. Nf5+ Kf8 10. Bg5 d6 11. Ne3 h6 12. Bxf6 Qxf6 13. Ncd5 Qd8 14. Be2 g6 15. Qd3 Be6 16. c3 a6 17. 0-0 Kg7 18. Kh1 h5 19. b4 Ba7 20. a4 Rc8 21. a5 Bxe3 22. Qxe3 Bxd5 23. exd5 Ne7 24. Qd3 Nf5 25. c4 Re8 26. Rfc1 e4 27. Qc3+ Qf6 28. Qxf6+ Kxf6 29. Ra3 e3 30. fxe3 Nxe3 31. Bd3 Ke5 32. Bxg6 Nxc4 33. Bxf7 Nxa3 34. Re1+ Kd4 35. Bxe8 h4 36. Bg6 Rf8 37. h3 Rf4 38. Re7 Nc4 39. Rxb7 Ne3 40. Rf7 Rxf7 41. Bxf7 Kc4 42. Kg1 Kxb4 43. Kf2 Nc4 44. g3 hxg3+ 45. Kxg3 Ne5 46. Be6 Kxa5 47. h4 Kb4 48. h5 a5 49. h6 a4 50. h7 Ng6 51. Bf5 Nh8 52. Bb1 Kb3 53. Kf4 a3 54. Kf5 Kb2 55. Ba2 Kxa2 56. Kf6 Kb3 57. Kg7 a2 0-1

[Event "EU-chT U18"]
[Site "Rhodes"]
[Date "2024.06.25"]
[Round "5.2"]
[White "Olenik Campa, Rudi"]
[Black "Camlar, Arda"]
[Result "0-1"]
[WhiteElo "2320"]
[BlackElo "2403"]
[PlyCount "166"]
[EventDate "2024.06.21"]
[EventType "team-swiss"]
[EventRounds "7"]
[EventCountry "GRE"]
[SourceTitle "CBM 220 Extra"]
[Source "ChessBase"]
[SourceDate "2024.07.31"]
[SourceVersion "1"]
[SourceVersionDate "2024.07.31"]
[SourceQuality "1"]
[WhiteTeam "Slovenia U18"]
[BlackTeam "Turkey U18"]
[WhiteTeamCountry "SLO"]
[BlackTeamCountry "TUR"]

1. e4 c5 2. Nf3 e6 3. d4 cxd4 4. Nxd4 Nf6 5. Nc3 Nc6 6. Bf4 Bb4 7. Ndb5 Nxe4 8. Qf3 d5 9. 0-0-0 Bxc3 10. Nxc3 Nxc3 11. Qxc3 0-0 12. h4 Qa5 13. Qxa5 Nxa5 14. Bd6 Re8 15. Bb5 Nc6 16. c4 dxc4 17. Bc7 a6 18. Bxc6 bxc6 19. Rd4 e5 20. Re1 f6 21. f4 Be6 22. fxe5 Bd5 23. Rg4 Re6 24. Ba5 Rf8 25. exf6 Rfxf6 26. Rxe6 Bxe6 27. Rg5 h6 28. Rg3 Rf1+ 29. Kd2 Rf2+ 30. Kc3 Rf4 31. Bd8 Bd5 32. a3 Kf7 33. Re3 Bxg2 34. Re7+ Kf8 35. Ra7 Bd5 36. Rxa6 Ke8 37. Ra8 Kd7 38. Bb6 c5 39. Ra7+ Kc6 40. Bd8 Rf3+ 41. Kd2 Rf2+ 42. Kc3 Rf3+ 43. Kd2 Rd3+ 44. Kc1 Rg3 45. Rc7+ Kd6 46. Ra7 Rg2 47. Ra6+ Ke5 48. Ba5 Ke4 49. Rd6 g5 50. hxg5 hxg5 51. Bb6 Kd4 52. a4 g4 53. a5 g3 54. a6 Rg1+ 55. Kd2 g2 56. Rg6 Ra1 57. Rg4+ Be4 58. Rg5 Bd5 59. Rg4+ Ke5 60. Bxc5 Rxa6 61. Bd4+ Kf5 62. Rg7 Rd6 63. Ke3 Re6+ 64. Kf2 Ke4 65. Bc3 Kf5 66. Rf7+ Kg6 67. Rg7+ Kh6 68. Rg4 Ra6 69. Bd4 Kh5 70. Rg3 Ra1 71. Ke2 Rf1 72. Bf2 Rb1 73. Bd4 Be4 74. Ke3 Bd5 75. Ke2 Kh4 76. Rg7 Kh3 77. Kf2 Rf1+ 78. Ke2 Bf3+ 79. Kd2 Rd1+ 80. Ke3 Rd3+ 81. Kf2 Rxd4 82. Kxf3 Rd3+ 83. Kf4 Kh2 0-1

[Event "TUR-chT U18"]
[Site "Karaman"]
[Date "2024.04.23"]
[Round "6"]
[White "Yildiz, Serdar Murat"]
[Black "Camlar, Arda"]
[Result "0-1"]
[WhiteElo "2021"]
[BlackElo "2389"]
[PlyCount "108"]
[EventDate "2024.04.21"]
[EventType "team-tourn"]
[EventRounds "9"]
[EventCountry "TUR"]
[SourceTitle "EXT 2025"]
[Source "ChessBase"]
[SourceDate "2024.10.14"]
[SourceVersion "1"]
[SourceVersionDate "2024.10.14"]
[SourceQuality "1"]

1. e4 c5 2. Nf3 e6 3. d4 cxd4 4. Nxd4 Bc5 5. Nc3 Qb6 6. Be3 Nc6 7. Na4 Qa5+ 8. c3 Bxd4 9. Bxd4 Nxd4 10. Qxd4 e5 11. Qb4 Qxb4 12. cxb4 Nf6 13. Nc3 d6 14. 0-0-0 Ke7 15. Bc4 Be6 16. Bxe6 fxe6 17. f3 g5 18. Rd3 Rhd8 19. Rhd1 Rd7 20. a3 h5 21. Kc2 Rad8 22. Re3 Kf7 23. Kb3 Kg6 24. a4 h4 25. a5 g4 26. Rf1 gxf3 27. Rexf3 Nh5 28. Na4 Nf4 29. R1f2 Kh5 30. g3 Nh3 31. Rf1 Ng5 32. Re3 h3 33. Nc3 Kg4 34. Nd1 Kh5 35. Rf6 Rh8 36. Nf2 Rhh7 37. Kc2 Rdf7 38. Rxf7 Rxf7 39. Re2 Kg6 40. b5 Nf3 41. Kc3 Rh7 42. Ng4 Rc7+ 43. Kb4 Nd4 44. Rd2 Kg5 45. Nf2 Rh7 46. b6 axb6 47. axb6 d5 48. Rd3 Rf7 49. Rd2 Rf8 50. Nxh3+ Kg4 51. Nf2+ Kf3 52. Nd3 Ke3 53. Rd1 Ke2 54. Re1+ Kxd3 0-1

[Event "Skopje op-A"]
[Site "Skopje"]
[Date "2023.12.11"]
[Round "8"]
[White "Camlar, Arda"]
[Black "Bernadskiy, Vitaliy"]
[Result "1/2-1/2"]
[WhiteElo "2361"]
[BlackElo "2558"]
[PlyCount "37"]
[EventDate "2023.12.06"]
[EventType "swiss"]
[EventRounds "9"]
[EventCountry "MKD"]
[SourceTitle "EXT 2025"]
[Source "ChessBase"]
[SourceDate "2024.10.14"]
[SourceVersion "1"]
[SourceVersionDate "2024.10.14"]
[SourceQuality "1"]

1. d4 Nf6 2. Bf4 g6 3. Nc3 d5 4. e3 c6 5. Nf3 Bg7 6. h4 Bg4 7. Be2 Nbd7 8. Ne5 Bxe2 9. Qxe2 h5 10. 0-0-0 Nb6 11. Kb1 Nfd7 12. e4 Nxe5 13. Bxe5 Bxe5 14. dxe5 d4 15. Qf3 Nc4 16. Ne2 Qb6 17. Qb3 Qxb3 18. axb3 Nxe5 19. Rxd4 1/2-1/2

[Event "Skopje op-A"]
[Site "Skopje"]
[Date "2023.12.10"]
[Round "6"]
[White "Camlar, Arda"]
[Black "Georgiev, Konstantin1"]
[Result "1-0"]
[WhiteElo "2361"]
[BlackElo "2050"]
[PlyCount "67"]
[EventDate "2023.12.06"]
[EventType "swiss"]
[EventRounds "9"]
[EventCountry "MKD"]
[SourceTitle "CBM 217 Extra"]
[Source "ChessBase"]
[SourceDate "2024.01.31"]
[SourceVersion "1"]
[SourceVersionDate "2024.01.31"]
[SourceQuality "1"]

1. e4 c5 2. Nc3 Nc6 3. f4 g6 4. Nf3 Bg7 5. a4 d6 6. Bb5 Bd7 7. d3 Nd4 8. Bxd7+ Qxd7 9. 0-0 e6 10. e5 f5 11. Nxd4 cxd4 12. Nb5 dxe5 13. fxe5 Bxe5 14. Qe2 Bf6 15. Bf4 Kf7 16. Rae1 Ne7 17. Nd6+ Kg7 18. Qxe6 Qxe6 19. Rxe6 Rad8 20. g4 Nd5 21. g5 Be7 22. Be5+ Kg8 23. Nxb7 Kf7 24. Nxd8+ Rxd8 25. Ra6 Rd7 26. Bxd4 Nb4 27. Rxa7 Rxd4 28. Re1 Nc6 29. Rc7 Rd6 30. a5 Kf8 31. a6 Bd8 32. Rb7 f4 33. Kf1 Na5 34. a7 1-0

[Event "TUR-chT 1st League"]
[Site "Denizli"]
[Date "2023.07.14"]
[Round "8.16"]
[White "Tanriverdi, Enes"]
[Black "Camlar, Arda"]
[Result "1-0"]
[WhiteElo "2383"]
[BlackElo "2328"]
[PlyCount "185"]
[EventDate "2023.07.09"]
[EventType "team-swiss"]
[EventRounds "9"]
[EventCountry "TUR"]
[SourceTitle "CBM 215 Extra"]
[Source "ChessBase"]
[SourceDate "2023.09.30"]
[SourceVersion "1"]
[SourceVersionDate "2023.09.30"]
[SourceQuality "1"]
[WhiteTeam "Bulancak Ihsaniye Genclik"]
[BlackTeam "Pamukkale Universiteli"]
[WhiteTeamCountry "TUR"]
[BlackTeamCountry "TUR"]

1. d4 Nf6 2. Nf3 g6 3. g3 Bg7 4. Bg2 0-0 5. 0-0 d5 6. c4 Nc6 7. cxd5 Nxd5 8. e4 Nb6 9. d5 Na5 10. Nc3 c6 11. h3 cxd5 12. exd5 Nac4 13. Qe2 Re8 14. Rd1 Bd7 15. Nd4 Qc8 16. Kh2 Nd6 17. Bf4 Qc4 18. Qd2 Na4 19. Nce2 Qa6 20. Rac1 Rac8 21. b3 Nb6 22. a4 Na8 23. Qe3 Qb6 24. g4 Nc7 25. Nf3 Qxe3 26. Bxe3 a6 27. Nf4 Na8 28. Nd3 Rxc1 29. Rxc1 Rc8 30. Nc5 Rd8 31. Bf4 Bc8 32. Nd2 Bd4 33. Be3 Bxe3 34. fxe3 Nb6 35. Nc4 Nbxc4 36. bxc4 b6 37. Nd3 a5 38. c5 bxc5 39. Rxc5 Bd7 40. Rxa5 Nc4 41. Ra7 Nxe3 42. Bf3 Kf8 43. a5 Bb5 44. Nb4 Rc8 45. Rb7 Rc5 46. a6 Bxa6 47. Nxa6 Rc2+ 48. Kg1 Nc4 49. Rc7 Ra2 50. Rxc4 Rxa6 51. Rc6 Ra7 52. Kf2 h6 53. Kg3 Kg7 54. h4 Rb7 55. Ra6 Rc7 56. Rb6 Ra7 57. Kf4 Ra4+ 58. Kg3 Ra7 59. Be4 Ra4 60. Kf3 Ra3+ 61. Kf4 Ra7 62. Ke5 Rc7 63. Rb8 Ra7 64. Rd8 Rb7 65. h5 gxh5 66. gxh5 Ra7 67. Bf5 Ra2 68. Rd7 Kf8 69. Rd8+ Kg7 70. Re8 Ra7 71. Rc8 Ra1 72. Rc7 Kf8 73. Rc3 Kg7 74. Rg3+ Kh8 75. Be4 Ra5 76. Rc3 Kg7 77. Rc7 Kf8 78. Rb7 Ra6 79. Rc7 Ra5 80. Rc1 Kg7 81. Rg1+ Kh8 82. Bf5 Ra2 83. Rg4 Ra1 84. Bd7 Ra5 85. Be8 e6 86. Bxf7 Rxd5+ 87. Kxe6 Rg5 88. Rd4 Kg7 89. Bg6 Ra5 90. Rd7+ Kg8 91. Bf5 Ra6+ 92. Ke5 Kf8 93. Be6 1-0

[Event "TUR-chT 1st League"]
[Site "Denizli"]
[Date "2023.07.11"]
[Round "4.16"]
[White "Caputcuoglu, Zeki Berke"]
[Black "Camlar, Arda"]
[Result "0-1"]
[WhiteElo "2280"]
[BlackElo "2328"]
[PlyCount "104"]
[EventDate "2023.07.09"]
[EventType "team-swiss"]
[EventRounds "9"]
[EventCountry "TUR"]
[SourceTitle "CBM 215 Extra"]
[Source "ChessBase"]
[SourceDate "2023.09.30"]
[SourceVersion "1"]
[SourceVersionDate "2023.09.30"]
[SourceQuality "1"]
[WhiteTeam "Tarsus Zeka"]
[BlackTeam "Pamukkale Universiteli"]
[WhiteTeamCountry "TUR"]
[BlackTeamCountry "TUR"]

1. Nf3 Nf6 2. d4 g6 3. c4 c6 4. g3 Bg7 5. Bg2 0-0 6. 0-0 d5 7. Qb3 e6 8. Nc3 b6 9. Bf4 Ba6 10. cxd5 Nxd5 11. Rfe1 Nxf4 12. gxf4 Bb7 13. Red1 Kh8 14. Rac1 Nd7 15. Ne4 c5 16. Nfg5 Qe7 17. dxc5 Bxe4 18. Bxe4 Rac8 19. cxb6 Nxb6 20. Rxc8 Rxc8 21. e3 Bf6 22. Nf3 Qc5 23. Nd4 Kg7 24. Ne2 Qa5 25. Kg2 Rc4 26. Ng3 Rb4 27. Qa3 Ra4 28. Qd6 Rxa2 29. b3 Qc3 30. Qd3 Qb2 31. Rf1 h5 32. Bc6 Qc2 33. Qxc2 Rxc2 34. Be4 Ra2 35. Rd1 h4 36. Nf1 Bc3 37. h3 f5 38. Bd3 Bb4 39. Rc1 Kf6 40. Kf3 g5 41. fxg5+ Kxg5 42. e4 Nd7 43. exf5 exf5 44. Rc2 Ne5+ 45. Kg2 Ra1 46. Be2 Ng6 47. Rc4 Nf4+ 48. Kf3 Bd6 49. Rc6 Be5 50. Rc5 Nxe2 51. Kxe2 Ra2+ 52. Kf3 Bd4 0-1

[Event "World ol U16"]
[Site "Nakhchivan"]
[Date "2022.10.05"]
[Round "4.7"]
[White "Emran, Muhammad Emir Rasyi"]
[Black "Camlar, Arda"]
[Result "0-1"]
[WhiteElo "1634"]
[BlackElo "2322"]
[PlyCount "110"]
[EventDate "2022.10.02"]
[EventType "team-swiss"]
[EventRounds "9"]
[EventCountry "AZE"]
[SourceTitle "CBM 210 Extra"]
[Source "ChessBase"]
[SourceDate "2022.11.30"]
[SourceVersion "1"]
[SourceVersionDate "2022.11.30"]
[SourceQuality "1"]
[WhiteTeam "Malaysia"]
[BlackTeam "Turkey White"]
[WhiteTeamCountry "MAS"]
[BlackTeamCountry "TUR"]

1. e4 c5 2. Nf3 e6 3. c3 Nf6 4. e5 Nd5 5. d4 cxd4 6. cxd4 b6 7. Bc4 Ba6 8. b3 Be7 9. 0-0 Bb7 10. Bxd5 Bxd5 11. Ba3 Bxa3 12. Nxa3 Nc6 13. Nb5 0-0 14. Ne1 Ne7 15. Nc2 Nf5 16. Ne3 Bc6 17. Nd6 Nxd6 18. exd6 Qb8 19. d5 Bb5 20. dxe6 dxe6 21. Re1 Rd8 22. Qh5 Bd3 23. Ng4 Bg6 24. Qe5 Qxd6 25. Qxd6 Rxd6 26. Red1 Rxd1+ 27. Rxd1 Rc8 28. Ne3 f6 29. Kf1 Be8 30. Ke1 Kf8 31. Nc4 Ke7 32. Nd6 Rd8 33. Nxe8 Rxd1+ 34. Kxd1 Kxe8 35. Kd2 Kd7 36. Kd3 e5 37. Kc4 Kc6 38. h4 g6 39. g3 b5+ 40. Kb4 Kb6 41. a4 a5+ 42. Ka3 b4+ 43. Kb2 Kc5 44. Kc2 Kd4 45. Kd2 e4 46. g4 f5 47. gxf5 gxf5 48. h5 f4 49. h6 f3 50. Kc2 e3 51. Kd1 exf2 52. Kc2 f1Q 53. Kb2 Qe2+ 54. Ka1 f2 55. Kb1 f1R# 0-1

[Event "World ol U16"]
[Site "Nakhchivan"]
[Date "2022.10.02"]
[Round "1.7"]
[White "Camlar, Arda"]
[Black "Badenhorst, Chloe"]
[Result "1-0"]
[WhiteElo "2322"]
[BlackElo "1751"]
[PlyCount "55"]
[EventDate "2022.10.02"]
[EventType "team-swiss"]
[EventRounds "9"]
[EventCountry "AZE"]
[SourceTitle "CBM 210 Extra"]
[Source "ChessBase"]
[SourceDate "2022.11.30"]
[SourceVersion "1"]
[SourceVersionDate "2022.11.30"]
[SourceQuality "1"]
[WhiteTeam "Turkey White"]
[BlackTeam "South Africa"]
[WhiteTeamCountry "TUR"]
[BlackTeamCountry "RSA"]

1. Nf3 Nf6 2. g3 g6 3. Bg2 Bg7 4. 0-0 0-0 5. c4 d5 6. cxd5 Nxd5 7. Nc3 Nxc3 8. bxc3 c6 9. d4 Nd7 10. e4 e5 11. Ba3 Re8 12. Qc2 exd4 13. cxd4 Nb6 14. Rad1 Be6 15. Rfe1 h6 16. Ne5 Nd7 17. Nc4 Bf8 18. Bb2 Nf6 19. d5 cxd5 20. exd5 Bf5 21. Rxe8 Nxe8 22. Qb3 Rc8 23. d6 Be6 24. Bd5 Bxd5 25. Rxd5 Nf6 26. Rd1 Bg7 27. Ne5 Nd7 28. Qxf7+ 1-0

[Event "TUR-chT 1st League"]
[Site "Konya"]
[Date "2022.08.23"]
[Round "3.1"]
[White "Camlar, Arda"]
[Black "Altun, Arda"]
[Result "1-0"]
[WhiteElo "2304"]
[BlackElo "2203"]
[PlyCount "71"]
[EventDate "2022.08.22"]
[EventType "team-swiss"]
[EventRounds "9"]
[EventCountry "TUR"]
[SourceTitle "CBM 209 Extra"]
[Source "ChessBase"]
[SourceDate "2022.09.30"]
[SourceVersion "1"]
[SourceVersionDate "2022.09.30"]
[SourceQuality "1"]
[WhiteTeam "Apaydin Dernegi"]
[BlackTeam "Beyazkale Dernegi"]
[WhiteTeamCountry "TUR"]
[BlackTeamCountry "TUR"]

1. Nf3 d5 2. g3 Nf6 3. Bg2 c6 4. c4 dxc4 5. 0-0 Nbd7 6. Na3 Nb6 7. Qc2 Be6 8. b3 cxb3 9. axb3 g6 10. Nc4 Bg7 11. Bb2 0-0 12. e4 Ne8 13. d4 Nd6 14. Ne3 Nb5 15. Rfd1 Qd6 16. d5 cxd5 17. Bxg7 Kxg7 18. exd5 Bd7 19. Nc4 Qf6 20. Nfe5 Bf5 21. Qd2 Nxc4 22. Nxc4 Nd6 23. Qb4 b6 24. Re1 Rfc8 25. Ne5 Rc2 26. Qf4 g5 27. Qe3 Rac8 28. Nc6 e6 29. dxe6 Be4 30. Bxe4 Nxe4 31. Rxa7 Nxf2 32. Rxf7+ Qxf7 33. exf7 Nh3+ 34. Kf1 Rf2+ 35. Qxf2 Nxf2 36. Re8 1-0